<?xml version="1.0" encoding="UTF-8"?>
<record
    xmlns:xsi="http://www.w3.org/2001/XMLSchema-instance"
    xsi:schemaLocation="http://www.loc.gov/MARC21/slim http://www.loc.gov/standards/marcxml/schema/MARC21slim.xsd"
    xmlns="http://www.loc.gov/MARC21/slim">

  <leader>01504nam a2200397Ia 4500</leader>
  <controlfield tag="003">3228</controlfield>
  <controlfield tag="005">20251007120836.0</controlfield>
  <controlfield tag="008">210817s9999    xx            000 0 und d</controlfield>
  <datafield tag="020" ind1=" " ind2=" ">
    <subfield code="a">9780140 297225</subfield>
    <subfield code="q">Paperback</subfield>
  </datafield>
  <datafield tag="040" ind1=" " ind2=" ">
    <subfield code="a">RDA</subfield>
    <subfield code="b">ENGLISH</subfield>
    <subfield code="c">3228</subfield>
  </datafield>
  <datafield tag="082" ind1=" " ind2=" ">
    <subfield code="a">364.30968 PIST</subfield>
  </datafield>
  <datafield tag="100" ind1=" " ind2=" ">
    <subfield code="a"> PISTORIUS, Micki   Sandton, 2000  </subfield>
    <subfield code="9">10683</subfield>
  </datafield>
  <datafield tag="110" ind1=" " ind2=" ">
    <subfield code="9">185437</subfield>
    <subfield code="a">Penguin Books</subfield>
  </datafield>
  <datafield tag="111" ind1=" " ind2=" ">
    <subfield code="9">178758</subfield>
    <subfield code="a">Bible Society of South Africa</subfield>
  </datafield>
  <datafield tag="245" ind1=" " ind2="0">
    <subfield code="a">Catch me a killer:</subfield>
    <subfield code="b">Serial murders: A profiler's true story.</subfield>
    <subfield code="c"> Micki Pistorius.</subfield>
  </datafield>
  <datafield tag="260" ind1=" " ind2=" ">
    <subfield code="a">Johannesburg, South Africa ; New York : </subfield>
    <subfield code="b">Penguin Books, </subfield>
    <subfield code="c">2000.</subfield>
  </datafield>
  <datafield tag="300" ind1=" " ind2=" ">
    <subfield code="a"> v, 253 pages</subfield>
    <subfield code="b">Colour illustrations:</subfield>
    <subfield code="c"> 20 cm</subfield>
  </datafield>
  <datafield tag="500" ind1=" " ind2=" ">
    <subfield code="a">
"A Penguin original"--Page 4 of cover.</subfield>
  </datafield>
  <datafield tag="504" ind1=" " ind2=" ">
    <subfield code="a">
Includes bibliographical references (page 253).</subfield>
  </datafield>
  <datafield tag="521" ind1=" " ind2=" ">
    <subfield code="a">Adult</subfield>
  </datafield>
  <datafield tag="600" ind1=" " ind2="0">
    <subfield code="9">10683</subfield>
    <subfield code="a"> PISTORIUS, Micki   Sandton, 2000  </subfield>
    <subfield code="d">2002.</subfield>
  </datafield>
  <datafield tag="610" ind1=" " ind2="0">
    <subfield code="9">185437</subfield>
    <subfield code="a">Penguin Books</subfield>
  </datafield>
  <datafield tag="630" ind1=" " ind2="0">
    <subfield code="9">178919</subfield>
    <subfield code="a">Critical world issues</subfield>
  </datafield>
  <datafield tag="648" ind1=" " ind2="0">
    <subfield code="9">185762</subfield>
    <subfield code="a">Kabbala</subfield>
  </datafield>
  <datafield tag="650" ind1=" " ind2="0">
    <subfield code="9">194561</subfield>
    <subfield code="a">Aggressiveness in children , Conflict (Psychology) in children , Fighting (Psychology)</subfield>
  </datafield>
  <datafield tag="651" ind1=" " ind2="0">
    <subfield code="9">191368</subfield>
    <subfield code="a">South Africa</subfield>
  </datafield>
  <datafield tag="654" ind1=" " ind2=" ">
    <subfield code="9">182745</subfield>
    <subfield code="a"> Case studies</subfield>
  </datafield>
  <datafield tag="655" ind1=" " ind2="0">
    <subfield code="9">116518</subfield>
    <subfield code="a">Case studies</subfield>
  </datafield>
  <datafield tag="658" ind1=" " ind2=" ">
    <subfield code="9">193469</subfield>
    <subfield code="a">Action research</subfield>
  </datafield>
  <datafield tag="662" ind1=" " ind2=" ">
    <subfield code="9">185926</subfield>
    <subfield code="a">Gauteng</subfield>
  </datafield>
  <datafield tag="690" ind1=" " ind2=" ">
    <subfield code="9">185098</subfield>
    <subfield code="a">Actions and defenses</subfield>
  </datafield>
  <datafield tag="700" ind1=" " ind2=" ">
    <subfield code="9">10683</subfield>
    <subfield code="a"> PISTORIUS, Micki   Sandton, 2000  </subfield>
    <subfield code="d">2000.</subfield>
  </datafield>
  <datafield tag="710" ind1=" " ind2=" ">
    <subfield code="9">185437</subfield>
    <subfield code="a">Penguin Books</subfield>
  </datafield>
  <datafield tag="711" ind1=" " ind2=" ">
    <subfield code="9">178758</subfield>
    <subfield code="a">Bible Society of South Africa</subfield>
  </datafield>
  <datafield tag="942" ind1=" " ind2=" ">
    <subfield code="c">BOOK</subfield>
    <subfield code="2">ddc</subfield>
    <subfield code="y">559</subfield>
    <subfield code="z">Nosiswe Mogale</subfield>
  </datafield>
  <datafield tag="999" ind1=" " ind2=" ">
    <subfield code="c">203075</subfield>
    <subfield code="d">203074</subfield>
  </datafield>
  <datafield tag="952" ind1=" " ind2=" ">
    <subfield code="0">0</subfield>
    <subfield code="1">0</subfield>
    <subfield code="4">0</subfield>
    <subfield code="7">0</subfield>
    <subfield code="a">ENTOL</subfield>
    <subfield code="b">ENTOL</subfield>
    <subfield code="d">2021-08-18</subfield>
    <subfield code="g">110.00</subfield>
    <subfield code="l">0</subfield>
    <subfield code="p">33228016677195</subfield>
    <subfield code="r">2021-08-18</subfield>
    <subfield code="w">2021-08-18</subfield>
    <subfield code="y">BK</subfield>
  </datafield>
  <datafield tag="952" ind1=" " ind2=" ">
    <subfield code="0">0</subfield>
    <subfield code="1">0</subfield>
    <subfield code="2">ddc</subfield>
    <subfield code="4">0</subfield>
    <subfield code="7">0</subfield>
    <subfield code="8">300</subfield>
    <subfield code="a">MKHUL</subfield>
    <subfield code="b">MKHUL</subfield>
    <subfield code="c">Non_Fiction</subfield>
    <subfield code="d">2025-10-07</subfield>
    <subfield code="l">0</subfield>
    <subfield code="o">364.30968 PIST</subfield>
    <subfield code="p">33228 02204344 0</subfield>
    <subfield code="r">2025-10-07</subfield>
    <subfield code="w">2025-10-07</subfield>
    <subfield code="y">BOOK</subfield>
  </datafield>
  <datafield tag="952" ind1=" " ind2=" ">
    <subfield code="0">0</subfield>
    <subfield code="1">0</subfield>
    <subfield code="2">ddc</subfield>
    <subfield code="4">0</subfield>
    <subfield code="7">0</subfield>
    <subfield code="8">300</subfield>
    <subfield code="a">MKHUL</subfield>
    <subfield code="b">MKHUL</subfield>
    <subfield code="c">Non_Fiction</subfield>
    <subfield code="d">2025-10-07</subfield>
    <subfield code="l">0</subfield>
    <subfield code="o">364.30968 PIST</subfield>
    <subfield code="p">33228 02204160 0</subfield>
    <subfield code="r">2025-10-07</subfield>
    <subfield code="w">2025-10-07</subfield>
    <subfield code="y">BOOK</subfield>
  </datafield>
</record>
